Психологическое обеспечение антитеррористической деятельности: учебное пособие

Dades bibliogràfiques
Autor principal: Марьин М. И. Михаил Иванович
Altres autors: Касперович Ю. Г. Юлия Григорьевна
Sumari:В учебном пособии раскрываются истоки, сущность и причины терроризма, показаны стратегии поведения, формы и методы психологического давления на различные управленческие структуры и группы населения со стороны террористов. Рассматриваются вопросы организации психологического обеспечения антитеррористической деятельности, психологической работы с персоналом в зонах локальных конфликтов, социально-психологической реабилитации.Для студентов высших учебных заведений. Может быть полезно руководителям, практическим психологам, студентам, аспирантам, преподавателям, ведущим подготовку специалистов по управлению в кризисных ситуациях, командирам специальных подразделений, сотрудникам по организации работы с персоналом медико-психологических реабилитационных центров, всем, кто интересуется вопросами психологии безопасности.
Idioma:rus
Publicat: Москва, Академия, 2007
Col·lecció:Высшее профессиональное образование. Психология
Matèries:
Format: MixedMaterials Llibre
KOHA link:https://koha.lib.tpu.ru/cgi-bin/koha/opac-detail.pl?biblionumber=137986

MARC

LEADER 00000nam0a2200000 4500
001 137986
005 20231101220719.0
010 |a 9785769534164 
035 |a (RuTPU)RU\TPU\book\149523 
090 |a 137986 
100 |a 20080519d2007 m y0rusy50 ca 
101 0 |a rus 
102 |a RU 
105 |a y j 001zy 
200 1 |a Психологическое обеспечение антитеррористической деятельности  |e учебное пособие  |f М. И. Марьин, Ю. Г. Касперович 
210 |a Москва  |c Академия  |d 2007 
215 |a 208 с. 
225 1 |a Высшее профессиональное образование. Психология 
320 |a Литература: с. 197-201. 
330 |a В учебном пособии раскрываются истоки, сущность и причины терроризма, показаны стратегии поведения, формы и методы психологического давления на различные управленческие структуры и группы населения со стороны террористов. Рассматриваются вопросы организации психологического обеспечения антитеррористической деятельности, психологической работы с персоналом в зонах локальных конфликтов, социально-психологической реабилитации.Для студентов высших учебных заведений. Может быть полезно руководителям, практическим психологам, студентам, аспирантам, преподавателям, ведущим подготовку специалистов по управлению в кризисных ситуациях, командирам специальных подразделений, сотрудникам по организации работы с персоналом медико-психологических реабилитационных центров, всем, кто интересуется вопросами психологии безопасности. 
606 1 |a Массовое сознание  |x Психология  |2 stltpush  |3 (RuTPU)RU\TPU\subj\41148  |9 60965 
610 1 |a социальная психология 
610 1 |a терроризм 
610 1 |a антитеррористическая деятельность 
610 1 |a массы 
610 1 |a массовое поведение 
610 1 |a толпа 
610 1 |a психологическое воздействие 
610 1 |a переговоры 
610 1 |a переговорная деятельность 
610 1 |a правовое обеспечение 
610 1 |a учебные пособия 
686 |a Ю955  |v LBC/SL-A  |2 rubbk 
686 |a Ю958  |v LBC/SL-A  |2 rubbk 
700 1 |a Марьин  |b М. И.  |g Михаил Иванович 
701 1 |a Касперович  |b Ю. Г.  |g Юлия Григорьевна 
801 1 |a RU  |b 63413507  |c 20080519  |g PSBO 
801 2 |a RU  |b 63413507  |c 20120910  |g PSBO 
900 |a Психология 
900 |a Психология межличностных отношений 
942 |c BK 
951 |a 521000  |b 030300  |b 030301 
959 |a 50/20080519  |d 1  |e 0  |f ЧЗГЛ:1